000 00404nam a2200133 4500
005 20260530115310.0
100 1 _aLius C. Goncalves
_932711
245 1 0 _aDesenho Industrial Brasileiro? critica ao espacvo o foprma de actuacao
264 1 _bCuritiba Universidade F de Paraná
_c1983
300 _a110 páginas
336 _atexto
_2rdacontent
337 _asin medio
_2rdamedia
338 _avolumen
_2rdacarrier
999 _c13316
_d13316